MARC details
| 000 -CABECERA |
| campo de control de longitud fija |
01485nam a2200277 a 4500 |
| 003 - IDENTIFICADOR DEL NÚMERO DE CONTROL |
| campo de control |
MX-MxUPN |
| 005 - FECHA Y HORA DE LA ÚLTIMA TRANSACCIÓN |
| campo de control |
20260221064008.0 |
| 007 - CAMPO FIJO DE DESCRIPCIÓN FÍSICA--INFORMACIÓN GENERAL |
| campo de control de longitud fija |
cr a |
| 008 - ELEMENTOS DE LONGITUD FIJA--INFORMACIÓN GENERAL |
| campo de control de longitud fija |
250228s2024 sp ||||fo|||| 000 0 spa d |
| 020 ## - NÚMERO INTERNACIONAL NORMALIZADO PARA LIBROS |
| Número Internacional Estándar del Libro |
9788490446881 |
| 040 ## - FUENTE DE LA CATALOGACIÓN |
| Centro catalogador/agencia de origen |
MX-MxUPN |
| Lengua de catalogación |
spa |
| Centro/agencia transcriptor |
MX-MxUPN |
| Normas de descripción |
aacr2 |
| 041 0# - CÓDIGO DE IDIOMA |
| Código de lengua del texto/banda sonora o título independiente |
spa |
| 050 14 - SIGNATURA TOPOGRÁFICA DE LA BIBLIOTECA DEL CONGRESO |
| Número de clasificación |
LB880 D5722 |
| 245 00 - MENCIÓN DE TÍTULO |
| Título |
Por una educación dialógica y emancipadora : |
| Resto del título |
el legado de Danilo Dolci |
| Medio |
[recurso electrónico en línea] |
| 260 ## - PUBLICACIÓN, DISTRIBUCIÓN, ETC. |
| Lugar de publicación, distribución, etc. |
[Cuenca] : |
| Nombre del editor, distribuidor, etc. |
Ediciones de la Universidad de Castilla-La Mancha, |
| Fecha de publicación, distribución, etc. |
2024. |
| 300 ## - DESCRIPCIÓN FÍSICA |
| Extensión |
1 recurso en línea (119 páginas) : |
| Otras características físicas |
PDF |
| 490 0# - MENCIÓN DE SERIE |
| Mención de serie |
Colección Atenea ; |
| Designación de volumen o secuencia |
56 |
| 505 00 - NOTA DE CONTENIDO CON FORMATO PREESTABLECIDO |
| Título |
Danilo Dolci: un educador mayéutico / |
| Mención de responsabilidad |
Caterina Benelli -- |
| Título |
El legado del meridionalismo activo y el sueño de una nueva escuela / |
| Mención de responsabilidad |
Vincenzo Schirripa, Maura Tripi -- |
| Título |
Poder y comunicación en Danilo Dolci / |
| Mención de responsabilidad |
Antonio Vigilante -- |
| Título |
Danilo Dolci, Paulo Freire y la pedagogía de la radicalidad / |
| Mención de responsabilidad |
Mariateresa Muraca -- |
| Título |
"Empecé a hacer preguntas porque no sabía": el valor de la pregunta en Danilo Dolci / |
| Mención de responsabilidad |
Giuseppe Barone -- |
| Título |
Mi experiencia de los laboratorios mayéuticos / |
| Mención de responsabilidad |
Amico Dolci -- |
| Título |
El legado de Danilo Dolci en el mundo de habla hispana / |
| Mención de responsabilidad |
Daniel Buraschi. |
| 506 0# - NOTA DE RESTRICCIONES AL ACCESO |
| Limitaciones de acceso |
Acceso abierto. |
| 600 10 - ASIENTO SECUNDARIO DE MATERIA - NOMBRE PERSONAL |
| Nombre de persona |
Dolci, Danilo |
| 9 (RLIN) |
55698 |
| 650 #4 - ASIENTO SECUNDARIO DE MATERIA - TERMINO TEMATICO |
| Término de materia o nombre geográfico como elemento de entrada |
Educación |
| Subdivisión general |
Filosofía |
| 9 (RLIN) |
4994 |
| 700 1# - ASIENTO SECUNDARIO--NOMBRE DE PERSONAL |
| Nombre de persona |
Buraschi, Daniel |
| 9 (RLIN) |
55697 |
| Término indicativo de función/relación |
coordinación |
| 856 40 - LOCALIZACIÓN Y ACCESO ELECTRÓNICOS |
| Identificador Uniforme del Recurso |
<a href="https://hdl.handle.net/10578/39174">https://hdl.handle.net/10578/39174</a> |
| 902 ## - ELEMENTOS DE DATOS B LOCAL, LDB (RLIN) |
| Creó |
Víctor Ruiz/280225 |
| 942 ## - ELEMENTOS DE PUNTO DE ACCESO ADICIONAL (KOHA) |
| Fuente del sistema de clasificación o colocación |
Library of Congress Classification |
| Tipo de ítem Koha |
Libro Electrónico |